000 00288nam a2200121Ia 4500
008 220204s9999 xx 000 0 und d
082 _a633.811
_bGIB
100 _aGIBSON, Michael
245 0 _aGrowing roses
260 _aLondon
_bCroom Helm
_c1984
650 _aRose culture
942 _cBK
999 _c39773
_d39773